00745 2200241 4500001002100000005001500021035002000036007000300056008004100059040002200100082001400122084001600136100004100152245006200193300003700255650002400292850001200316264008900328336002100417337003000438338002300468990001200491INLIS00000000089098220241018104047 a0010-1024000175ta241018s1977 jbia g ind d aYOPDYOGbinderda04223a627.2 a627.2 ABD p0 aAbdulmuttalip Danuningratepengarang10aPelabuhan bagian I :bkuliah /cAbdulmuttalip Danuningrat a75 halaman :bilustrasi ;c32 cm 4aPelabuhan--xTeknik aYOPDYOG31aBandung :bSeksi Publikasi Departemen Teknik Sipil Institut Teknologi Bandung,c1977 2rdacontentateks 2rdamediaatanpa perantara 2rdacarrieravolume a10155-P